000 01497cam a2200385 4500
003 PE-LiUPU
005 20250731184116.0
020 _a8449963729
035 _a(Sirsi) i9788449963728
035 _a(Sirsi) 15074
035 _a(Sirsi) 15074
041 _aes
044 _aar
082 0 4 _a808.8
_bR96
100 1 _aRussell, Bertrand
_91055
245 1 4 _aLos caminos de la libertad; el socialismo, el anarquismo y el sindicalismo /
_cBertrand Russell.
264 1 _aBuenos Aires :
_bHyspamérica Ediciones Argentina,
_c1983.
300 _a221 páginas ;
_c20 cm.
490 0 _aLos Premios Nobe
_v2
505 0 _aHistórica: -- Marx y la doctrina socialista -- Bakunin y el anarquismo -- La rebelión sindicalista. Los problemas del porvenir: -- El trabajo y el sueldo -- El gobierno y la ley -- Las relaciones internacionales -- La ciencia y el arte bajo el socialismo -- Cómo se puede organizar el mundo.
526 _aP145
526 _aP127
526 _aP97
526 _aP14
526 _aP07
650 1 4 _aSindicalismo.
650 2 4 _aAnarquismo.
650 2 4 _aSocialismo.
942 _2ddc
_cBOOK
949 _a808.8 R96
_i24607
_lCCODEBUL1
_mBUL
_tLIBRO
_o.STAFF. Circulación
859 _q24607
_h808.8
_iR96
910 _aaj-em
596 _a1
999 _a808.8 R96
_wDEWEY
_c52318
_i24607
_f2021-11-5
_g5
_lCCODEBUL1
_mBUL
_r0
_sY
_tBOOK
_u2015-6-16
_xBIBLIOTECA
_PP20
_0COMPRA
_o.STAFF. Colección General
_d52318
980 _81
_gALBERTO SANCHEZ Responsable de Automatización